Snowflakes and starlight / Debbie Macomber, JoAnn Ross, Jennifer Snow.
Here comes trouble: "After rival columnist Nolan Adams writes an unflattering piece about rookie journalist Maryanne Simpson, she decides to make some big life changes. She needs to show the tough streetwise Nolan that she deserves his respect. When they end up as neighbors, Maryanne discovers that she can't resist Nolan's gruff charm, and although he doesn't seem to be an appropriate match for a socialite, Maryanne has other ideas!" --Page [4] of cover. Once upon a wedding: "Desiree Marchand doesn't have time for any complications ahead of her friend's wedding--especially not her ex-boyfriend, rock star Bastien Broussard. Unfortunately, the wedding is down a singer...and whether Desiree likes it or not, Bastien is the perfect man for the job." --Page [4] of cover. An Alaskan Christmas homecoming: "The only thing Griffin Geller wants for Christmas is to reconcile with his family, which would take a real miracle. They haven't spoken to him in the three months he's been back in Wild River, Alaska. But when Jade Frazier walks into his tattoo shop, determined to decorate the front window, she helps remind Griffin the Christmas can be a season for second chances...in life as well as love." --Page [4] of cover.
Record details
- ISBN: 9780778386902
- ISBN: 0778386902
- Physical Description: 344 pages ; 17 cm
- Publisher: Toronto, Ontario, Canada : Mira, [2022]
- Copyright: ©1991
Content descriptions
| General Note: | "3 great stories" |
| Formatted Contents Note: | Here comes trouble / Debbie Macomber -- Once upon a wedding / JoAnn Ross -- An Alaskan Christmas homecoming / Jennifer Snow. |
Search for related items by subject
| Subject: | Man-woman relationships > Fiction. Holidays > Fiction. Journalists > Fiction. Weddings > Fiction. Families > Fiction. Alaska > Fiction. |
| Genre: | Christmas fiction. Romance fiction. Novellas. |
Available copies
- 1 of 1 copy available at scottsboropl.
Holds
- 0 current holds with 1 total copy.
Show Only Available Copies
| Location | Call Number / Copy Notes | Barcode | Shelving Location | Status | Due Date |
|---|---|---|---|---|---|
| scottsboropl | F Mac | 32269001215006 | Adult - Fiction | Available | - |
| LDR | 03976cam a2200745 i 4500 | ||
|---|---|---|---|
| 001 | 161030 | ||
| 003 | SBPL | ||
| 005 | 20230607143633.0 | ||
| 008 | 220818t20222022onc 000 1 eng d | ||
| 020 | . | ‡a9780778386902 ‡q(paperback) | |
| 020 | . | ‡a0778386902 ‡q(paperback) | |
| 035 | . | ‡a(OCoLC)1343733829 ‡z(OCoLC)1357101987 | |
| 055 | 0 | 0. | ‡aPR1309.L68 ‡bM5 no. 2253 |
| 082 | 0 | 4. | ‡aSNOWF |
| 100 | 1 | . | ‡aMacomber, Debbie, ‡eauthor. |
| 245 | 0 | 0. | ‡aSnowflakes and starlight / ‡cDebbie Macomber, JoAnn Ross, Jennifer Snow. |
| 264 | 1. | ‡aToronto, Ontario, Canada : ‡bMira, ‡c[2022] | |
| 264 | 4. | ‡3Here comes trouble: ‡c©1991 | |
| 264 | 4. | ‡3Once upon a wedding: ‡c©2018 | |
| 264 | 4. | ‡3An Alaskan Christmas homecoming: ‡c©2021 | |
| 300 | . | ‡a344 pages ; ‡c17 cm | |
| 336 | . | ‡atext ‡btxt ‡2rdacontent | |
| 337 | . | ‡aunmediated ‡bn ‡2rdamedia | |
| 338 | . | ‡avolume ‡bnc ‡2rdacarrier | |
| 500 | . | ‡a"3 great stories" | |
| 505 | 0 | 0. | ‡tHere comes trouble / ‡rDebbie Macomber -- ‡tOnce upon a wedding / ‡rJoAnn Ross -- ‡tAn Alaskan Christmas homecoming / ‡rJennifer Snow. |
| 520 | . | ‡aHere comes trouble: ‡a"After rival columnist Nolan Adams writes an unflattering piece about rookie journalist Maryanne Simpson, she decides to make some big life changes. She needs to show the tough streetwise Nolan that she deserves his respect. When they end up as neighbors, Maryanne discovers that she can't resist Nolan's gruff charm, and although he doesn't seem to be an appropriate match for a socialite, Maryanne has other ideas!" --Page [4] of cover. Once upon a wedding: ‡a"Desiree Marchand doesn't have time for any complications ahead of her friend's wedding--especially not her ex-boyfriend, rock star Bastien Broussard. Unfortunately, the wedding is down a singer...and whether Desiree likes it or not, Bastien is the perfect man for the job." --Page [4] of cover. An Alaskan Christmas homecoming: ‡a"The only thing Griffin Geller wants for Christmas is to reconcile with his family, which would take a real miracle. They haven't spoken to him in the three months he's been back in Wild River, Alaska. But when Jade Frazier walks into his tattoo shop, determined to decorate the front window, she helps remind Griffin the Christmas can be a season for second chances...in life as well as love." --Page [4] of cover. | |
| 650 | 0. | ‡aMan-woman relationships ‡vFiction. | |
| 650 | 0. | ‡aHolidays ‡vFiction. | |
| 650 | 0. | ‡aJournalists ‡vFiction. | |
| 650 | 0. | ‡aWeddings ‡vFiction. | |
| 650 | 0. | ‡aFamilies ‡vFiction. | |
| 651 | 0. | ‡aAlaska ‡vFiction. | |
| 655 | 7. | ‡aChristmas fiction. ‡2lcgft | |
| 655 | 7. | ‡aRomance fiction. ‡2lcgft | |
| 655 | 7. | ‡aNovellas. ‡2lcgft | |
| 700 | 1 | 2. | ‡iContainer of (work): ‡aMacomber, Debbie. ‡tHere comes trouble. |
| 700 | 1 | 2. | ‡iContainer of (work): ‡aRoss, JoAnn. ‡tOnce upon a wedding. |
| 700 | 1 | 2. | ‡iContainer of (work): ‡aSnow, Jennifer. ‡tAlaskan Christmas homecoming. |
| 901 | . | ‡a161030 ‡bAUTOGEN ‡c161030 ‡tbiblio | |